| 000 | 01152cam a2200313 a 4500 | ||
|---|---|---|---|
| 999 |
_c6260 _d6260 |
||
| 001 | 1616516 | ||
| 005 | 20170602121517.0 | ||
| 008 | 950630s1996 ctu b 001 0 eng | ||
| 010 | _a 95034094 | ||
| 020 | _a0275952606 (alk. paper) | ||
| 020 | _a0275954293 (pbk. : alk. paper) | ||
| 040 |
_aDLC _cDLC _dDLC |
||
| 043 | _afb----- | ||
| 050 | 0 | 0 |
_aDT30.5 _b.M86 1996 |
| 082 | 0 | 0 |
_a960.3 _220 |
| 100 | 1 |
_aMungazi, Dickson A. _925944 |
|
| 245 | 1 | 4 |
_aThe mind of Black Africa / _cDickson A. Mungazi. |
| 260 |
_aWestport, Conn. : _bPraeger, _c1996. |
||
| 300 |
_axxxii, 261 p. ; _c24 cm. |
||
| 504 | _aIncludes bibliographical references (p. [237]-250) and index. | ||
| 650 | 0 |
_aDecolonization _zAfrica, Sub-Saharan. _932093 |
|
| 650 | 0 |
_aSelf-perception _zAfrica, Sub-Saharan. _932094 |
|
| 651 | 0 |
_aAfrica, Sub-Saharan _xCivilization. _932095 |
|
| 906 |
_a7 _bcbc _corignew _d1 _eocip _f19 _gy-gencatlg |
||
| 942 |
_2lcc _cMONOGRAPH |
||